| 000 | 00453nam a2200181 a 4500 | ||
|---|---|---|---|
| 001 | 1765971515322 | ||
| 003 | ACL | ||
| 005 | 20251217171701.0 | ||
| 008 | 251217s2006##################000#0#eng## | ||
| 020 | _a9781593375812 | ||
| 082 | 0 | 4 |
_a641.56383 _bMAA |
| 100 | 1 |
_aMaar, Nancy T, _eauthor. |
|
| 245 | 1 | 0 | _aThe Everything Glycemic Index Cookbook : |
| 260 |
_bEverything, _c2006. |
||
| 650 | 0 | _aCooking. | |
| 942 | _cENGLISH | ||
| 040 |
_aACL _beng _cACL |
||
| 999 |
_c603078 _d603078 |
||